City-Country - Statistics

General Stats
  • This quiz has been taken 390 times
  • The average score is 10 of 15
Answer Stats
Hint Answer % Correct
Bern Switzerland
96%
Krakow Poland
93%
Hobart Australia
84%
Novosibirsk Russia
81%
Ouagadougou Burkina Faso
77%
Dili East Timor
72%
Galveston United States
72%
Busan South Korea
69%
Gaborone Botswana
65%
Manaus Brazil
64%
Cusco Peru
64%
Guayaquil Ecuador
61%
Rawalpindi Pakistan
56%
Karagandy Kazakhstan
25%
Galkayo Somalia
15%
No matching quizzes found
Score Distribution
Percent of People with Each Score
Percentile by Number Answered
Your Score History
You have not taken this quiz